书目信息 |
| 题名: |
中国古代体育史话
|
|
| 作者: | 刘秉果 著 | |
| 分册: | ||
| 出版信息: | 北京 文物出版社 1987.11 |
|
| 页数: | 141页 | |
| 开本: | 19cm | |
| 丛书名: | ||
| 单 册: | ||
| 中图分类: | G812.9 | |
| 科图分类: | ||
| 主题词: | 体育事业--世界 | |
| 电子资源: | ||
| ISBN: | 7-5010-0007-7 | |
| 000 | 00545nam0 2200193 450 | |
| 001 | 0754237075 | |
| 005 | 20071121150601.90 | |
| 010 | @a7-5010-0007-7@dCNY1.70 | |
| 100 | @a20071121d1987 km y0chiy0120 ea | |
| 101 | 0 | @achi |
| 102 | @aCN@b110000 | |
| 200 | 1 | @a中国古代体育史话@Azhong guo gu dai ti yu shi hua@f刘秉果著@Fliu bing guo zhu |
| 210 | @a北京@c文物出版社@d1987.11 | |
| 215 | @a141页@d19cm | |
| 606 | 0 | @a体育事业@x世界 |
| 690 | @aG812.9@v4 | |
| 701 | 0 | @a刘秉果@Aliu bing guo@4著 |
| 801 | 0 | @aCN@bPFT@c20071121 |
| 905 | @aBZT@dG812.9@e50 | |
| 中国古代体育史话/刘秉果著.-北京:文物出版社,1987.11 |
| 141页;19cm |
| ISBN 7-5010-0007-7:CNY1.70 |
| ● |
| 相关链接 |
|
|
|
正题名:中国古代体育史话
索取号:G812.9/50
 
预约/预借
| 序号 | 登录号 | 条形码 | 馆藏地/架位号 | 状态 | 备注 |
| 1 | 030746 | 200860247 | 中心书库北库/ 北库026架A面3列3层45/ [索取号:G812.9/50] | 在馆 | |
| 2 | 030747 | 200860256 | 中心书库北库/ 北库026架A面3列3层46/ [索取号:G812.9/50] | 在馆 |